| 000 | 01959nam a2200397Ia 4500 | ||
|---|---|---|---|
| 001 | ebr10622929 | ||
| 003 | CaPaEBR | ||
| 006 | m u | ||
| 007 | cr cn||||||||| | ||
| 008 | 120503t20122012caua sb 101 0 eng d | ||
| 020 | _z9780817915247 | ||
| 020 | _z9780817915254 | ||
| 020 | _z9780817915261 | ||
| 040 |
_aCaPaEBR _cCaPaEBR |
||
| 035 | _a(OCoLC)821216766 | ||
| 043 | _an-us--- | ||
| 050 | 1 | 4 |
_aTK1343 _b.N82 2011eb |
| 111 | 2 |
_aNuclear Enterprise Conference _d(2011 : _cHoover Institution) |
|
| 245 | 1 | 4 |
_aThe nuclear enterprise _h[electronic resource] : _bhigh-consequence accidents : how to enhance safety and minimize risks in nuclear weapons and reactors / _cedited by George P. Shultz and Sidney D. Drell. |
| 260 |
_aStanford, Calif. : _bHoover Institution Press, Stanford University, _cc2012. |
||
| 300 |
_axvii, 370 p. : _bill. (some col.). |
||
| 490 | 1 |
_aHoover Institution Press publication ; _vno. 626 |
|
| 500 | _aPapers presented at the Nuclear Enterprise Conference, held October 3-4, 2011 at the Hoover Institution, Stanford University. | ||
| 504 | _aIncludes bibliographical references and index. | ||
| 533 |
_aElectronic reproduction. _bPalo Alto, Calif. : _cebrary, _d2011. _nAvailable via World Wide Web. _nAccess may be limited to ebrary affiliated libraries. |
||
| 650 | 0 |
_aNuclear power plants _zUnited States _xSafety measures _vCongresses. |
|
| 650 | 0 |
_aNuclear power plants _xSafety measures _vCongresses. |
|
| 650 | 0 |
_aNuclear weapons _zUnited States _xSafety measures _vCongresses. |
|
| 655 | 7 |
_aElectronic books. _2local |
|
| 700 | 1 |
_aShultz, George Pratt, _d1920- |
|
| 700 | 1 |
_aDrell, Sidney D. _q(Sidney David), _d1926- |
|
| 710 | 2 | _aebrary, Inc. | |
| 710 | 2 | _aHoover Institution on War, Revolution, and Peace. | |
| 830 | 0 |
_aHoover Institution Press publication ; _v626. |
|
| 856 | 4 | 0 |
_uhttp://site.ebrary.com/lib/rucke/Doc?id=10622929 _zAn electronic book accessible through the World Wide Web; click to view |
| 999 |
_c160452 _d160452 |
||